Statistics for Largest Countries and Empires by GDP (1-1000)

Click here to take the quiz!

General Stats

  • This quiz has been taken 49 times
    (45 since last reset)
  • The average score is 12 of 45

Answer Stats

1 AD% Correct
3Roman EmpireSouthern Europe
88%
2Han ChinaEast Asia
85%
1Tang ChinaEast Asia
76%
9JapanEast Asia
65%
7Parthian EmpireWest Asia
65%
11Yamato JapanEast Asia
65%
8Sassanid EmpireWest Asia
62%
3Byzantine EmpireEastern Europe
56%
5Byzantine EmpireEastern Europe
56%
7Umayyad CaliphateWest Asia
47%
14Maya PollityCentral America
41%
13GoguryeoEast Asia
35%
15GoguryeoEast Asia
35%
1Gupta EmpireSouth Asia
29%
14Kingdom of LavoSoutheast Asia
29%
14Lavo KingdomSoutheast Asia
29%
6FranciaWestern Europe
24%
6Ostrogothic KingdomSouthern Europe
24%
9Visigothic KingdomSouthern Europe
24%
5Chola EmpireSouth Asia
21%
11Kingdom of AksumEast Africa
21%
12Vandal KingdomNorth Africa
21%
10FranciaWestern Europe
18%
2Southern QiEast Asia
18%
12Kingdom of KushSouth Asia
15%
12Tibetan EmpireEast Asia
15%
8Lombard KingdomSouthern Europe
12%
2Chalukya EmpireSouth Asia
9%
3Northern WeiEast Asia
9%
13Pala EmpireSouth Asia
9%
1Satavahana EmpireSouth Asia
9%
11Silla dynastyEast Asia
9%
10Srivijaya EmpireSoutheast Asia
9%
15Himyarite KIngdomWest Asia
6%
9Himyarite KingdomWest Asia
6%
7Kadamba dynastySouth Asia
6%
10MaanWest Asia
6%
4Pandya dynastySouth Asia
6%
8AndhWest Asia
3%
15Fihrid dynastySouthern Europe
3%
5Gurjara Pratihara dynastySouth Asia
3%
4Indo-ScythiaSouth Asia
3%
6Kalinga KingdomSouth Asia
3%
13Kingdom of AnuradhapuraSouth Asia
3%
4Vakata EmpireSouth Asia
3%

Score Distribution

Percentile by Number Answered

Percent of People with Each Score

Your Score History

You have not taken this quiz since the last reset